| 000 | 01377nam a2200373 a 4500 | ||
|---|---|---|---|
| 003 | BLK | ||
| 005 | 20230711090453.0 | ||
| 008 | 180408b bul|||||r ||||||| ||bul|| | ||
| 010 | _aKNG00059124000 | ||
| 020 | _a954-9825-06-Х | ||
| 040 | _aBLK | ||
| 041 |
_aBUL _cBUL |
||
| 080 |
_aМузиканти-творци, композитори _b78.071.1 _x(436)(042.3) _z78.071.1(436)(042.3) |
||
| 100 | 1 |
_aВеберн, Антон _eпърви автор _946636 |
|
| 139 |
_aВеберн, Антон _bВ 34 |
||
| 245 | 1 | 0 |
_aПътят към новата музика _cАнтон Веберн; прев. от нем. Полина Георгиева Куюмджиева. |
| 257 | _aAUT | ||
| 260 |
_bВезни _c2005 _aСофия |
||
| 300 |
_a76 с. _c21 см |
||
| 380 | _a7 | ||
| 600 | 1 | 4 |
_aВеберн, Антон _946636 |
| 650 | 4 |
_aКомпозитори, австрийски _9248548 |
|
| 651 | 4 |
_aАвстрия _9245450 |
|
| 653 | _aкомпозитори | ||
| 653 | _aавстрийски композитори | ||
| 700 | 1 |
_aКуюмджиева, Полина Георгиева _eпрев. от нем. _9366807 |
|
| 852 |
_aЦб 226992 _bЦб |
||
| 856 | 4 | _qpdf | |
| 856 | 4 | _qpdf | |
| 942 |
_cKNG _n0 _01 |
||
| 944 |
_aCR _c29.03.2006 _kЛюдмила_Стоянова |
||
| 944 |
_aED _c24.01.2015 _kИрена_Линкова |
||
| 999 |
_c55159 _d55159 |
||
| 999 | _d55159 | ||